Ambulantná/domáca intravenózna antibiotická liečba (ADIAL)

Bibliographic Details
Main Author: Orosová, Jaroslava (Author)
Corporate Author: Slovenská CF konferencia (Author)
Format: Conference Proceeding Article
Language:Slovak
PhysicalDescription:Obr.
ISSN:1335-8340
Subjects:

MARC

LEADER 00000nab a2200000 a 4500
001 vtls000866503
003 SK-MaSNL
005 20260304214817.0
008 160405c2003 xo 0 slo
015 |a SNBRB2004/03-08958 
035 |a CLN000218055 
040 |a SNKBUCL  |b slo  |c SNKBUCL  |e AACR2 
041 0 |a slo 
044 |a xo  |c SK 
080 |a 616.24-002.155:615.33:061.3  |2 1997 
100 1 |a Orosová, Jaroslava  |4 aut  |9 20708 
245 1 0 |a Ambulantná/domáca intravenózna antibiotická liečba (ADIAL)  |c Jaroslava Orosová 
300 |b Obr. 
650 0 7 |a terapia  |2 SNKPH  |9 781 
650 0 7 |a choroby dýchacieho systému  |x terapia  |x dieťa  |2 MESH  |9 1548905 
650 0 7 |a antibiotiká  |2 MESH  |9 2424 
650 0 7 |a kongresy (publikačný typ)  |2 MESH  |9 846472 
650 0 7 |a injekcie intravenózne  |x metódy  |x využitie  |2 MESH  |9 1548906 
650 0 7 |a služby domáce ošetrovateľské pomocné  |2 MESH  |9 1548907 
650 0 7 |a cystická fibróza  |2 SNKPH  |9 29100 
655 7 |a články z novín a časopisov  |2 SNK  |9 267496 
711 1 |a Slovenská CF konferencia  |n (4. :  |d 2002 :  |c Bratislava, Slovensko)  |4 aut  |9 105406 
773 0 |x 1335-8340  |t INFO CF  |g Č. 11 (2003), s. 54-58 
850 |a Slovenská národná knižnica v Martine 
852 |a SNK  |b KIS3GCP 
958 |a MI 
958 |a RBX 
999 |c 3143374  |d 3145304